000 00709nam a22002177a 4500
003 0
005 20250826162253.0
008 250826b xxu||||| |||| 00| 0 eng d
020 _a979-8-89161-660-8
050 _aTR 897.7
_b.S56 2025
100 _aSimmons, Russell,
_eauthor.
245 _aAudio and video editing /
_cRussell Simmons.
260 _aJersey City, USA :
_bAlexis Press,
_c2025.
300 _ax, 325 pages :
_billustrations ;
_c27 cm.
504 _aIncludes bibliographical references and index.
650 _aMotion pictures
_xEditing.
650 _aVideo recordings
_xEditing.
650 _aDigital audio editing.
650 _aSound
_xRecording and reproducing
_xEditing.
942 _2lcc
_cBK
999 _c367624
_d367624